Statistics for North Korea's Biggest Import Partners

Click here to take the quiz!

General Stats

  • This quiz has been taken 180 times
  • The average score is 6 of 15

Answer Stats

Import ValueExporter% Correct
$3.49BChina
99%
$82.1MRussia
99%
$75.2MIndia
66%
$107MThailand
53%
$48.4MSingapore
49%
$10.5MGermany
44%
$23.3MBrazil
43%
$5.73MTurkey
43%
$46MPhilippines
42%
$10.4MUkraine
39%
$4.55MChile
26%
$6.47MBurkina Faso
2%
$22.3MHonduras
2%
$3.71MMalawi
2%
$5.12MZambia
2%

Score Distribution

Percentile by Number Answered

Percent of People with Each Score

Your Score History

You have not taken this quiz